Landeshauptstädte - Multiple Choice - Statistiken

Allgemein
  • Dieses Quiz wurde 286 mal gespielt
  • Das Durchschnittsergebnis liegt bei 15 aus 16
Antwortstatistiken
Frage Antwort % Korrekt
Was ist die Hauptstadt des Bundeslandes Berlin? Berlin
100%
Was ist die Hauptstadt des Bundeslandes Bremen? Bremen
100%
Was ist die Hauptstadt des Bundeslandes Thüringen? Erfurt
100%
Was ist die Hauptstadt des Bundeslandes Niedersachsen? Hannover
100%
Was ist die Hauptstadt des Bundeslandes Sachsen-Anhalt? Magdeburg
100%
Was ist die Hauptstadt des Bundeslandes Bayern? München
100%
Was ist die Hauptstadt des Bundeslandes Saarland? Saarbrücken
100%
Was ist die Hauptstadt des Bundeslandes Hamburg? Hamburg
95%
Was ist die Hauptstadt des Bundeslandes Schleswig-Holstein? Kiel
95%
Was ist die Hauptstadt des Bundeslandes Brandenburg? Potsdam
95%
Was ist die Hauptstadt des Bundeslandes Mecklenburg-Vorpommern? Schwerin
95%
Was ist die Hauptstadt des Bundeslandes Hessen? Wiesbaden
95%
Was ist die Hauptstadt des Bundeslandes Nordrhein-Westfalen? Düsseldorf
90%
Was ist die Hauptstadt des Bundeslandes Rheinland-Pfalz? Mainz
90%
Was ist die Hauptstadt des Bundeslandes Baden-Württemberg? Stuttgart
90%
Was ist die Hauptstadt des Bundeslandes Sachsen? Dresden
76%
Keine übereinstimmenden Quizze gefunden
Verteilung der Resultate
Anzahl Personen mit jedem Resultat
Perzentil nach korrekt beantworteten Fragen
Ihre Resultats-Entwicklung
Sie haben dieses Quiz noch nicht gespielt